[Jesús crucificado de Juan Alberto de Casares y Menéndez de los Reyes / (Record no. 166312)

MARC details
000 -LEADER
campo de control de longitud fija 00767nam a2200181 i 4500
001 - NÚMERO DE CONTROL
campo de control 166312
003 - IDENTIFICADOR DE NÚMERO DE CONTROL
campo de control ES-MaACL
005 - FECHA Y HORA DE LA ÚLTIMA TRANSACCIÓN
campo de control 20230906213314.0
008 - DATOS DE LONGITUD FIJA--INFORMACIÓN GENERAL
campo de control de longitud fija 000207s1882 sp |||| | spa d
040 ## - FUENTE DE CATALOGACIÓN
Centro catalogador/agencia de origen CCPB | B
Lengua de catalogación spa
Centro/agencia transcriptor CCPB | B
100 1# - ENTRADA PRINCIPAL--NOMBRE DE PERSONA
Nombre de persona Tinajero Martínez, Vicente.
9 (RLIN) 110300
245 13 - MENCIÓN DEL TÍTULO
Título [Jesús crucificado de Juan Alberto de Casares y Menéndez de los Reyes /
Mención de responsabilidad, etc. Vicente Tinajero Martínez].
260 ## - PUBLICACIÓN, DISTRIBUCIÓN, ETC.
Lugar de publicación, distribución, etc. Madrid :
Nombre del editor, distribuidor, etc. [s.n.],
Fecha de publicación, distribución, etc. 1882 (
Fabricante imprenta de Manuel G. Hernández)
300 ## - DESCRIPCIÓN FÍSICA
Extensión 67, [1] p. ;
Dimensiones 23 cm.
590 0# - NOTA LOCAL (RLIN)
Nota local Título facticio entresacado del texto, ejemplar sin portada.
600 14 - PUNTO DE ACCESO ADICIONAL DE MATERIA--NOMBRE DE PERSONA
Nombre de persona Casares y Menéndez de los Reyes, Juan Alberto.
9 (RLIN) 166956
852 ## - LOCALIZACIÓN
Ubicación ES-MaACL
Número de control de estantería T-350-F-13
Nota libre -- Enc. hol.
condición física -- Falto de la port.
Nota libre -- Enc. en un vol. facticio
Holdings
Estatus retirado Estado de pérdida Estado de daño No para préstamo Colección Biblioteca de origen Biblioteca actual Ubicación en estantería Fecha de adquisición Total de préstamos Signatura topográfica completa Código de barras Visto por última vez Precio de reemplazo Tipo de ítem Koha
        Colección de folletos Biblioteca del Ateneo de Madrid Biblioteca del Ateneo de Madrid Depósito folletos 17/01/2008   T-350-F-13 1174417 23/02/2023 23/02/2023 Folleto